Score 0/32 Timer 03:00
4 Plays Today
Hint 4-Letter Word % Correct
Cow meat⇛BEEF⇚
98.3%
Pig meat⇛PORK⇚
97.8%
Brewed drinkBEER
97.7%
Bird mouthBEAK
97.1%
Mountain topPEAK
96.7%
Pronged utensilFORK
96.2%
Venison animalDEER
95.8%
Cherished, preciousDEAR
93.6%
Ursine mammalBEAR
92.3%
Golf shoutFORE
92.2%
Twelve inchesFOOT
89.4%
Aquatic meat⇛FISH⇚
88.8%
Special privilegePERK
88.5%
Punching handFIST
87.3%
Light fogMIST
86.5%
Filth, grimeDIRT
81.3%
Hint 4-Letter Word % Correct
Greater partMOST
80.4%
Meat platterDISH
78.1%
Idiot, simpletonFOOL
77.5%
Castle defenseMOAT
77.3%
Ambiguous, debatableMOOT
76.4%
Prometheus' giftFIRE
74.6%
Extremely seriousDIRE
72.4%
Animal furCOAT
70.4%
Slightly coldCOOL
69.4%
Bird meat⇛FOWL⇚
68.2%
Insult, slangilyDISS
67.5%
Ladder theme⇛MEAT⇚
66.7%
Monk's hoodCOWL
62%
Water birdCOOT
59.1%
Small impressionDINT
49.9%
Loud commotionsDINS
46.9%

Today's Daily Dose

Missing Word
Lizzo Songs

Get the Picture
The Longest Rivers

Remove Ads.
Support Sporcle.
Get the best of Sporcle when you Go Orange. This ad-free experience offers more features, more stats, and more fun while also helping to support Sporcle. Thank you for becoming a member.

You're not logged in!

Compare scores with friends on all Sporcle quizzes.
OR
Log In

Show Comments

Extras

Top Quizzes Today


Score Distribution

Your Account Isn't Verified!

In order to create a playlist on Sporcle, you need to verify the email address you used during registration. Go to your Sporcle Settings to finish the process.

Report this User

Report this user for behavior that violates our Community Guidelines.

Details: